00746cam a22002171 450000100060000000300080000600500170001400800390003103500190007004000270008904100080011608200200012410000360014424500940018026000490027430000250032350400900034850400200043865000150045865000550047335856BD-RjUL20211209052406.0140610s1965 nyu b 001 0 eng a(BD-RjUL)35952 aDLCcDLCdBD-RjULbeng aeng00a321.8bMCS 19651 aMcCord, William Maxwell,d1930-14aThe springtime of freedom :bevolution of developing societies /cWilliam Maxwell McCord. aNew York :bOxford University Press,cc1965. axi, 330 p. ;c21 cm. aBibliographical references included in "Notes" (p. 292-309) Bibliography: p. 310-318. aIncludes index. 0aDemocracy. 0aNewly independent statesxPolitics and government.